| 000 | 00391nam a22001217a 4500 | ||
|---|---|---|---|
| 999 |
_c65467 _d65464 |
||
| 100 |
_aYasir Ahmed Khan _a15-MSSE-14 _aSupervisor - Dr. Umair Ali Khan |
||
| 245 | _aMovies Tags Extraction and Segmentation Using Deep Learning | ||
| 260 |
_aNawabshah _bQUEST _c2019 |
||
| 300 | _a40p. | ||
| 700 | _aDepartment of Information Technology | ||
| 856 | _uhttp://tinyurl.com/yu8uknsk | ||
| 942 | _cTHESIS | ||